Lectures on the religion of the semites / (Record no. 144653)

MARC details
000 -LEADER
campo de control de longitud fija 00853nam a2200229 i 4500
001 - NÚMERO DE CONTROL
campo de control 144653
003 - IDENTIFICADOR DE NÚMERO DE CONTROL
campo de control ES-MaACL
005 - FECHA Y HORA DE LA ÚLTIMA TRANSACCIÓN
campo de control 20230906201052.0
007 - CAMPO FIJO DE DESCRIPCIÓN FÍSICA--INFORMACIÓN GENERAL
campo de control de longitud fija t|
008 - DATOS DE LONGITUD FIJA--INFORMACIÓN GENERAL
campo de control de longitud fija 070214s1914 xxk r ||||1| eng d
100 1# - ENTRADA PRINCIPAL--NOMBRE DE PERSONA
Nombre de persona Smith, William Robertson.
9 (RLIN) 106934
245 10 - MENCIÓN DEL TÍTULO
Título Lectures on the religion of the semites /
Mención de responsabilidad, etc. by the late W. Robertson Smith.
Número de parte o sección de la obra , . First series,
Nombre de parte o sección de la obra The fundamental institutions.
250 ## - MENCION DE EDICION
Mención de edición New ed.
Resto de la mención de edición rev. throughout by the author.
260 ## - PUBLICACIÓN, DISTRIBUCIÓN, ETC.
Lugar de publicación, distribución, etc. London :
Nombre del editor, distribuidor, etc. Adam and Charles Black,
Fecha de publicación, distribución, etc. 1914 (
Lugar de fabricación/manufactura Edinburgh :
Fabricante Morrison and Gibb)
300 ## - DESCRIPCIÓN FÍSICA
Extensión XIV, 508 p. ;
Dimensiones 21 x 13 cm.
490 1# - MENCIÓN DE SERIE
Mención de serie Burnett lectures [Aberdeen University]
650 #4 - PUNTO DE ACCESO ADICIONAL DE MATERIA--TÉRMINO DE MATERIA
Término de materia o nombre geográfico como elemento de entrada Semitas-
Subdivisión general Religión.
9 (RLIN) 159891
710 2# - ENTRADA AGREGADA--NOMBRE DE ENTIDAD CORPORATIVA
Nombre de entidad corporativa o nombre de jurisdicción como elemento de entrada University of Aberdeen.
9 (RLIN) 7497
830 0# - PUNTO DE ACCESO ADICIONAL DE SERIE-TÍTULO UNIFORME
Título uniforme Burnett lectures [Aberdeen University]
9 (RLIN) 220697
852 ## - LOCALIZACIÓN
Ubicación ES-MaACL
Número de control de estantería C-736
Holdings
Estatus retirado Estado de pérdida Estado de daño No para préstamo Biblioteca de origen Biblioteca actual Ubicación en estantería Fecha de adquisición Fuente de adquisición Total de préstamos Signatura topográfica completa Código de barras Visto por última vez Precio de reemplazo Tipo de ítem Koha
        Biblioteca del Ateneo de Madrid Biblioteca del Ateneo de Madrid Sala Palomar 17/01/2008     C-736 1150791 23/02/2023 23/02/2023 Libro impreso